00886nam a2200193 a 450000100100000000500170001000800410002704000250006808200160009310000350010924501520014426000360029630000360033250000380036870000350040695201200044195201140056199900170067500002247420200930021629.0101011s2003 dr ac r 000 0 spa d aDO-SdBNPbspacBNPHU axxxxbG216p1 aGarcía, Francis Jorge94630710aPresupuesto participativo :bJima Abajo, sabana Grande de Boyá y La Vega, Sección Burende /cFrancis Jorge García ; editor Enrique de León. aSanto Domingo :bBúho,c2003. a76 p. :bil. ; retrs. ;c22 cm. aIncluye notas al pie de páginas1 aLeón, Enrique de,eed.92049 0010718PDaPDbPDcHDd2010-10-11iLF1l0oxxxx G216pp22474-10r2020-06-25te. 2w2020-06-25yLFPDZNo se presta 0010718PDaPDbPDcHDd2010-10-11iLF1l0oxxxx G216pp22474-20r2020-06-25w2020-06-25yLFPDZNo se presta c21972d21972